Central Library OPAC University of Rajshahi

Politics in the age of Peel : (Record no. 24911)

MARC details
000 -LEADER
fixed length control field 00968cam a22002771 4500
001 - CONTROL NUMBER
control field 24911
003 - CONTROL NUMBER IDENTIFIER
rucl marc code BD-RjUL
005 - DATE AND TIME OF LATEST TRANSACTION
control field 20211209001120.0
008 - FIXED-LENGTH DATA ELEMENTS--GENERAL INFORMATION
fixed length control field 140315r19661953enk b 001 0 eng
035 ## - SYSTEM CONTROL NUMBER
System control number (BD-RjUL)24980
System control number (OCoLC)309702
040 ## - CATALOGING SOURCE
Original cataloging agency DLC
Transcribing agency OYU
Modifying agency OCoLC
-- Uk
-- DLC
-- BD-RjUL
Language of cataloging eng
041 ## - LANGUAGE CODE
Language code of text/sound track or separate title eng
082 04 - DEWEY DECIMAL CLASSIFICATION NUMBER
Classification number 942.08
Author mark and year GAP 1966
100 1# - MAIN ENTRY--PERSONAL NAME
Personal name Gash, Norman.
9 (RLIN) 75972
245 10 - TITLE STATEMENT
Title Politics in the age of Peel :
Remainder of title a study in the technique of parliamentary representation, (1830-1850) /
Statement of responsibility, etc. Norman Gash.
260 ## - PUBLICATION, DISTRIBUTION, ETC. (IMPRINT)
Place of publication, distribution, etc. London ;
-- New York :
Name of publisher, distributor, etc. Longmans, Green,
Date of publication, distribution, etc. 1953 [reprinted 1966].
300 ## - PHYSICAL DESCRIPTION
Pagination xxi, 496 p. ;
Size 23 cm.
504 ## - BIBLIOGRAPHY, ETC. NOTE
Bibliography, etc includes Bibliographical reference and index.
650 #0 - SUBJECT ADDED ENTRY--TOPICAL TERM
Topical term or geographic name as entry element Elections
Geographic subdivision Great Britain.
9 (RLIN) 15449
651 #0 - SUBJECT ADDED ENTRY--GEOGRAPHIC NAME
Geographic name Great Britain
General subdivision Politics and government
Chronological subdivision 1830-1837.
9 (RLIN) 74084
Geographic name Great Britain
General subdivision Politics and government
Chronological subdivision 1837-1901.
9 (RLIN) 10732
942 ## - ADDED ENTRY ELEMENTS (KOHA)
Source of classification or shelving scheme Dewey Decimal Classification
Koha item type Books
Holdings
Lost status Source of classification or shelving scheme Damaged status Not for loan Collection code Permanent Location Current Location Shelving location Date acquired Source of acquisition Cost, normal purchase price Total Checkouts Full call number Date last seen Copy number Koha item type Coded location qualifier
  Dewey Decimal Classification     Non-fiction Central Library, University of Rajshahi Central Library, University of Rajshahi   17/09/1968 Zeitlinger 120.00   942.08 GAP 1966 15/03/2014 C-2 Books  
  Dewey Decimal Classification       Central Library, University of Rajshahi Central Library, University of Rajshahi   17/09/1968 Zeitlinger     942.08 GAP 1966 15/03/2014 C-3 Books 120.0
  Dewey Decimal Classification   Added to bundle Non-fiction Central Library, University of Rajshahi Central Library, University of Rajshahi Reading Room 17/11/1956 A.B.C. 36.00   942.08 GAP 1953 16/03/2014 C-1 Books